Balkan Countries Quiz - Statistics

General Stats
  • This quiz has been taken 216 times
  • The average score is 10 of 12
Answer Stats
Country % Correct
Serbia
93%
Croatia
90%
Montenegro
90%
Albania
89%
Greece
89%
Bosnia and Herzegovina
88%
Bulgaria
88%
Kosovo
84%
Romania
83%
Slovenia
82%
Turkey
81%
North Macedonia
76%
No matching quizzes found
Score Distribution
Percent of People with Each Score
Percentile by Number Answered
Your Score History
You have not taken this quiz